[Event "GER-ch Blitz"]
[Site "Viernheim"]
[Date "2023.07.15"]
[Round "6"]
[White "Lenz, Jonas"]
[Black "Lang, Torsten"]
[Result "0-1"]
[WhiteElo "2138"]
[BlackElo "2288"]
[PlyCount "74"]
[EventDate "2023.07.15"]
[EventType "tourn (blitz)"]
[EventRounds "29"]
[EventCountry "GER"]
[SourceTitle "CBM 215 Extra"]
[Source "ChessBase"]
[SourceDate "2023.09.30"]
[SourceVersion "1"]
[SourceVersionDate "2023.09.30"]
[SourceQuality "1"]

1. d4 g6 2. c4 Bg7 3. g3 Nf6 4. Bg2 0-0 5. Nc3 d6 6. Nf3 c6 7. 0-0 a6 8. h3 b5 9. Nd2 bxc4 10. Nxc4 a5 11. b3 Ba6 12. Na3 Qc7 13. Bg5 h6 14. Be3 Qd7 15. Na4 Ra7 16. Rc1 Nd5 17. Qd2 Nxe3 18. Qxe3 Bb5 19. Nc3 e6 20. d5 exd5 21. Ncxb5 cxb5 22. Bxd5 b4 23. Nc4 Na6 24. Bg2 Nc5 25. Rfd1 Ne6 26. Rxd6 Qe7 27. Rcd1 a4 28. Qb6 axb3 29. axb3 Ra2 30. e3 Qf6 31. R1d2 Qc3 32. Rxa2 Qxb3 33. Qa6 Nc5 34. Qa7 Qxc4 35. Rc6 b3 36. Rxc5 Qb4 37. Rcc2 bxc2 0-1

[Event "GER-ch Net Amateur Gr-A Final"]
[Site "Playchess.com INT"]
[Date "2020.04.18"]
[Round "4"]
[White "Lenz, Jonas"]
[Black "Heinrichs, Paul"]
[Result "1-0"]
[WhiteElo "2069"]
[BlackElo "1938"]
[PlyCount "95"]
[EventDate "2020.04.18"]
[EventType "swiss (blitz)"]
[EventRounds "13"]
[EventCountry "GER"]
[SourceTitle "CBM 195 Extra"]
[Source "ChessBase"]
[SourceDate "2020.05.31"]
[SourceVersion "1"]
[SourceVersionDate "2020.05.31"]
[SourceQuality "1"]

1. d4 d5 2. c4 c6 3. Nf3 Nf6 4. Nbd2 e6 5. g3 Nbd7 6. Bg2 dxc4 7. Nxc4 Qc7 8. Bf4 Bb4+ 9. Nfd2 Qd8 10. Nd6+ Bxd6 11. Bxd6 Nb6 12. Ba3 Qxd4 13. 0-0 Bd7 14. e3 Qe5 15. Nf3 Qd5 16. Nd4 0-0-0 17. Bxd5 exd5 18. Rc1 Bh3 19. Re1 Rhe8 20. Bc5 Re4 21. Qb3 Nfd7 22. a4 Rde8 23. a5 Nxc5 24. Rxc5 Nd7 25. Rcc1 c5 26. Nb5 R8e6 27. Qxd5 R4e5 28. Nd6+ Kc7 29. Qxb7+ Kxd6 30. Rcd1+ Ke7 31. Rxd7+ Kf6 32. Rxf7+ Kg6 33. Rxg7+ Kf5 34. Qf7+ Ke4 35. Qb7+ Kd3 36. Rd7+ Kc2 37. Qf3 Kxb2 38. Rd3 Rxe3 39. Rdxe3 Rxe3 40. Qxe3 Bf5 41. Qd2+ Bc2 42. Rc1 h5 43. Qxc2+ Ka3 44. Qc3+ Ka4 45. Qc4+ Kxa5 46. Qxc5+ Ka4 47. Rc3 h4 48. Ra3# 1-0

[Event "GER-ch Net Amateur Gr-A Final"]
[Site "Playchess.com INT"]
[Date "2020.04.18"]
[Round "8"]
[White "Lenz, Jonas"]
[Black "Marcziter, Dmitrii"]
[Result "0-1"]
[WhiteElo "2069"]
[BlackElo "2075"]
[PlyCount "82"]
[EventDate "2020.04.18"]
[EventType "swiss (blitz)"]
[EventRounds "13"]
[EventCountry "GER"]
[SourceTitle "CBM 195 Extra"]
[Source "ChessBase"]
[SourceDate "2020.05.31"]
[SourceVersion "1"]
[SourceVersionDate "2020.05.31"]
[SourceQuality "1"]

1. d4 Nf6 2. c4 g6 3. Nf3 Bg7 4. g3 0-0 5. Bg2 d6 6. 0-0 Nc6 7. Nc3 a6 8. Qd3 Rb8 9. d5 Ne5 10. Nxe5 dxe5 11. e4 e6 12. h3 exd5 13. cxd5 c6 14. Bg5 h6 15. Bxf6 Qxf6 16. Rfd1 cxd5 17. Nxd5 Qd8 18. Qa3 Qg5 19. Rac1 Be6 20. Ne3 Rbc8 21. b3 b5 22. Qxa6 Ra8 23. Qxb5 Rxa2 24. Rc2 Ra3 25. Nd5 f5 26. Qc6 Bf7 27. b4 f4 28. Rc3 Ra2 29. h4 Qd8 30. Rcd3 fxg3 31. Rxg3 Qxh4 32. Rf1 h5 33. b5 Rxf2 34. Ne7+ Kh7 35. Rxf2 Qxg3 36. Qc1 Bh6 37. Qe1 Be3 38. Qe2 Be6 39. Nf5 Qxf2+ 40. Qxf2 Bxf2+ 41. Kxf2 gxf5 0-1

[Event "GER-ch Net Amateur Gr-A Vor1"]
[Site "Playchess.com INT"]
[Date "2020.04.14"]
[Round "3"]
[White "Krasov, Oleksi"]
[Black "Lenz, Jonas"]
[Result "0-1"]
[WhiteElo "1823"]
[BlackElo "2015"]
[PlyCount "60"]
[EventDate "2020.04.14"]
[EventType "swiss (blitz)"]
[EventRounds "9"]
[EventCountry "GER"]
[SourceTitle "EXT 2021"]
[Source "ChessBase"]
[SourceDate "2020.10.23"]
[SourceVersion "1"]
[SourceVersionDate "2020.10.23"]
[SourceQuality "1"]

1. e4 c5 2. Nc3 e6 3. d4 cxd4 4. Qxd4 Nc6 5. Qd3 Nf6 6. Bf4 Bb4 7. a3 Bxc3+ 8. Qxc3 d5 9. 0-0-0 0-0 10. Bg5 Nxe4 11. Bxd8 Nxc3 12. bxc3 Rxd8 13. Nf3 e5 14. Bb5 f6 15. c4 Be6 16. cxd5 Rxd5 17. Rxd5 Bxd5 18. Rd1 Bxf3 19. gxf3 Nd4 20. Bc4+ Kf8 21. f4 Rc8 22. Bd3 g6 23. fxe5 fxe5 24. f4 exf4 25. Bxg6 Ne2+ 26. Kd2 Rd8+ 27. Kxe2 Rxd1 28. Bxh7 Rh1 29. Kf3 Rxh2 30. Bd3 Rh4 0-1